[Event "DMP-III LIGA Senior PK 2020"]
[Site "Bystre"]
[Date "2020.07.11"]
[Round "6.18"]
[White "Polak, Sylwia"]
[Black "Uliasz, Katarzyna"]
[Result "0-1"]
[WhiteElo "1614"]
[BlackElo "1386"]
[Annotator "NA RC"]
[PlyCount "66"]
[EventDate "2020.07.05"]
[EventType "team-tourn"]
[EventCountry "POL"]
[SourceTitle "playchess.com"]
[Source "ChessBase"]
[SourceQuality "1"]
[TimeControl "5400+30"]

1. d4 {[%emt 0:00:00]} Nf6 {[%emt 0:00:00]} 2. c4 {[%emt 0:00:00]} g6 {[%emt 0:00:00]} 3. Nc3 {[%emt 0:00:00]} Bg7 {[%emt 0:00:00]} 4. e4 {[%emt 0:00:00]} d6 {[%emt 0:00:00]} 5. Nf3 {[%emt 0:00:04]} O-O {[%emt 0:00:00]} 6. Be2 {[%emt 0:00:31]} Nbd7 {[%emt 0:03:08]} 7. O-O {[%emt 0:00:09]} e5 {[%emt 0:00:14]} 8. d5 {[%emt 0:00:06]} Nc5 {[%emt 0:00:08]} 9. Qc2 {[%emt 0:00:09]} a5 {[%emt 0:00:04]} 10. Bg5 {[%emt 0:00:58]} h6 {[%emt 0:00:19]} 11. Be3 {[%emt 0:00:29]} b6 {[%emt 0:06:15]} 12. Ne1 {[%emt 0:08:34]} Ng4 {[%emt 0:07:02]} 13. Bxg4 {[%emt 0:02:27]} Bxg4 {[%emt 0:00:43]} 14. Nd3 {[%emt 0:05:36]} Nxd3 {[%emt 0:01:04]} 15. Qxd3 {[%emt 0:00:06]} f5 {[%emt 0:00:45]} 16. f3 {[%emt 0:01:02]} Bh5 {[%emt 0:00:15]} 17. b3 {[%emt 0:05:24]} f4 {[%emt 0:04:09]} 18. Bf2 {[%emt 0:01:58]} g5 {[%emt 0:00:28]} 19. a3 {[%emt 0:01:03]} g4 {[%emt 0:00:23]} 20. Kh1 {[%emt 0:06:54]} Bf6 {[%emt 0:02:49]} 21. b4 {[%emt 0:08:46]} Bh4 {[%emt 0:03:25]} 22. fxg4 {[%emt 0:03:43]} Bxg4 {[%emt 0:09:54]} 23. Rac1 {[%emt 0:28:10]} Bxf2 {[%emt 0:03:07]} 24. Rxf2 {[%emt 0:00:25]} Qg5 {[%emt 0:01:13]} 25. Ne2 {[%emt 0:10:23]} Kh7 {[%emt 0:04:30]} 26. c5 {[%emt 0:07:34]} axb4 {[%emt 0:01:11]} 27. cxd6 {[%emt 0:00:45]} cxd6 {[%emt 0:25:13]} 28. axb4 {[%emt 0:00:20]} Ra2 {[%emt 0:01:06]} 29. Rc2 {[%emt 0:05:40]} Ra1+ {[%emt 0:02:38]} 30. Nc1 {[%emt 0:00:23]} f3 {[%emt 0:01:14]} 31. Qc3 {[%emt 0:00:23]} fxg2+ {[%emt 0:01:47]} 32. Rxg2 {[%emt 0:00:05]} Rf1+ {[%emt 0:00:24]} 33. Rg1 {[%emt 0:00:54]} Bf3+ {[%emt 0:00:12]} 0-1

[Event "DMP-III LIGA Senior PK 2020"]
[Site "Bystre"]
[Date "2020.07.11"]
[Round "6.19"]
[White "Marut, Leszek"]
[Black "Zgoda, Damian"]
[Result "1-0"]
[WhiteElo "1863"]
[BlackElo "1672"]
[Annotator "NA RC"]
[PlyCount "73"]
[EventDate "2020.07.05"]
[EventType "team-tourn"]
[EventCountry "POL"]
[SourceTitle "playchess.com"]
[Source "ChessBase"]
[SourceQuality "1"]
[TimeControl "5400+30"]

{[%evp 13,73,0,22,-13,-8,32767,-10,32767,-14,-17,56,46,32767,32767,259,113,104,95,98,32767,32767,32767,32767,32767,32767,32767,32767,32767,32767,32767,96,95,32767,32767,32767,32767,32767,32767,195,193,230,238,334,32767,32767,32767,32767,32767,318,328,339,347,310,357,404,448,422,478,434,460,756,879]} 1. d4 {[%emt 0:00:00]} g6 {[%emt 0:00:00]} 2. Nf3 {[%emt 0:00:30]} Bg7 {[%emt 0:00:00]} 3. g3 {[%emt 0:00:12]} d6 {[%emt 0:00:22]} 4. Bg2 {[%emt 0:00:10]} c5 {[%emt 0:01:40]} 5. O-O {[%emt 0:02:01]} Qb6 {[%emt 0:03:42]} 6. c3 {[%emt 0:03:22] A41: 1 d4 d6: Tartakower System and Modern Defence.} Nf6 {[%emt 0:01:02]} 7. Nbd2 {[%emt 0:02:08]} O-O {[%emt 0:02:25]} 8. Qb3 {[%emt 0:16:40] [#]} Nc6 $146 {[%emt 0:08:01]} ({Predecessor:} 8... Be6 9. Qxb6 axb6 10. a3 {½-½ (10) Ljubisavljevic,Z (2240)-Stoppa,O (2279) Imperia 2012}) 9. dxc5 {[%emt 0:19:17]} Qxc5 {[%emt 0:01:28]} 10. Qa4 {[%emt 0:00:56]} b5 {[%emt 0:07:40]} 11. Qh4 {[%emt 0:01:28]} h6 {[%emt 0:03:57]} (11... Rb8 $15) 12. Nb3 {[%emt 0:05:20]} Qb6 {[%emt 0:14:00]} 13. Bxh6 {[%emt 0:02:42]} Ng4 {[%emt 0:03:31] [#]} (13... Bb7 $16 {was called for.}) 14. Bxg7 {[%emt 0:08:41]} (14. Be3 $1 $18 {[%mdl 512]} Qc7 (14... Nxe3 15. Ng5) 15. Ng5) 14... Kxg7 {[%emt 0:00:08]} 15. Qg5 {[%emt 0:00:33]} ({Not} 15. Ng5 $2 Rh8 $19) 15... Rh8 {[%emt 0:10:34]} 16. h4 {[%emt 0:11:41]} Bd7 {[%emt 0:03:29]} 17. Nfd4 {[%emt 0:06:40]} Rh5 {[%emt 0:08:11]} 18. Qd2 {[%emt 0:00:29]} Rah8 {[%emt 0:09:15]} 19. Nxc6 {[%emt 0:02:45]} Bxc6 {[%emt 0:00:08]} 20. Qd4+ {[%emt 0:00:24]} Qxd4 {[%emt 0:00:09]} 21. Nxd4 {[%emt 0:00:01]} Bxg2 {[%emt 0:00:28]} 22. Kxg2 {[%emt 0:00:05]} g5 {[%emt 0:01:47]} 23. Nf3 {[%emt 0:00:25]} gxh4 {[%emt 0:01:21]} 24. Nxh4 {[%emt 0:00:37]} Rc8 {[%emt 0:03:05]} 25. Rfd1 {[%emt 0:03:11]} d5 {[%emt 0:05:14]} (25... Nf6 $16 {might work better.}) 26. a4 {[%emt 0:01:57]} b4 {[%emt 0:05:05]} 27. Rd4 {[%emt 0:00:12]} ({Don't do} 27. cxb4 $6 Rc2 $16) 27... Rc4 {[%emt 0:01:07]} (27... Nf6 $142 28. Rxb4 Rc7) 28. Rxc4 {[%emt 0:01:18]} dxc4 {[%emt 0:00:05]} 29. cxb4 {[%emt 0:00:17]} Rd5 {[%emt 0:00:09]} 30. Rc1 {[%emt 0:00:21]} Ne5 {[%emt 0:01:47]} 31. Rc2 {[%emt 0:00:33]} a6 {[%emt 0:00:41]} 32. Nf3 {[%emt 0:03:58]} Kf6 {[%emt 0:01:24]} 33. Nxe5 {[%emt 0:00:59]} Rxe5 {[%emt 0:00:19]} 34. Kf3 {[%emt 0:00:13]} Rf5+ {[%emt 0:00:34]} 35. Ke3 {[%emt 0:00:08]} Re5+ {[%emt 0:00:55]} 36. Kd4 {[%emt 0:00:10]} Kf5 $18 {[%emt 0:00:34]} (36... Ke6 $142 37. e4 Rh5 38. Rxc4 Rh2) 37. Kxc4 {[%emt 0:00:45]} 1-0

[Event "DMP-III LIGA Senior PK 2020"]
[Site "Bystre"]
[Date "2020.07.11"]
[Round "6.20"]
[White "Smusz, Kamil"]
[Black "Dobrzanski, Krzysztof"]
[Result "0-1"]
[WhiteElo "1922"]
[BlackElo "1722"]
[Annotator "TA"]
[PlyCount "88"]
[EventDate "2020.07.05"]
[EventType "team-tourn"]
[EventCountry "POL"]
[SourceTitle "playchess.com"]
[Source "ChessBase"]
[SourceQuality "1"]

{[%evp 10,88,27,18,38,35,52,2,56,-26,-23,-25,-26,-31,-28,-87,-47,-92,-50,-68,-34,-40,-30,-87,-95,-160,-148,-181,-191,-185,-179,-190,-185,-187,0,-286,-297,-258,-220,-541,-534,-527,-492,-681,-492,-1087,-635,-603,-242,-242,-242,-252,-241,-216,-149,-252,-239,-246,-254,-249,-230,-428,-437,-465,-480,-464,-471,-454,-428,-407,-403,-583,-553,-739,-733,-722,-707,-4786,-2858,-12840,-12839]} 1. d4 d5 2. Bf4 Nf6 3. e3 e6 4. Nf3 Bd6 5. Bg3 Ne4 6. Bd3 f5 {D02: 1 d4 d5 2 Nf3 sidelines, including 2...Nf6 3 g3 and 2...Nf6 3 Bf4.} 7. c4 c6 8. O-O O-O (8... Nxg3 $11 9. hxg3 O-O) 9. Nbd2 {[#]} (9. Bxd6 $14 Qxd6 10. Nc3) 9... Nxg3 $146 ({Predecessor:} 9... Qe7 10. Qb3 Kh8 11. Bxe4 fxe4 12. Bxd6 Qxd6 13. Ne5 Nd7 14. Nxd7 Bxd7 15. c5 Qc7 {½-½ (32) Benoit,M (2235)-Perez,O Las Palmas 1991}) 10. hxg3 Nd7 11. Nh2 Nf6 12. f4 (12. Qc2 $11) 12... Qe8 13. Be2 Bd7 14. g4 Qe7 15. g5 Ne4 16. Nxe4 (16. c5 $11 Bc7 17. Nxe4 dxe4 18. a4) 16... dxe4 $17 ({Much worse is} 16... fxe4 $6 17. Ng4 $11) 17. Kf2 ({White should play} 17. Qe1) 17... h6 18. gxh6 Qh4+ ({Resist} 18... gxh6 19. c5 $15) 19. Kg1 Qxh6 20. Rf2 Kf7 21. g3 {[#]} g5 $2 {[#]} (21... Rh8 $1 $19 {Hoping for ...g5.} 22. c5 Bc7) 22. Rg2 $2 {[%mdl 8192]} (22. Ng4 $1 $11 {[%mdl 512] and White has nothing to worry.} Qh3 {[%mdl 64] Double Attack} (22... fxg4 23. fxg5+) 23. Rh2 Qxg3+ {[%mdl 64] Double Attack} 24. Rg2) 22... gxf4 $19 23. exf4 Rh8 {Strongly threatening ...Rag8.} 24. Kf2 $2 (24. c5 {is a better chance.} Bc7 25. a4) 24... Rag8 {White must now prevent ...Rxg3!} 25. Qb3 {[#]} Bxf4 $1 {[%mdl 512]} 26. Nf1 (26. gxf4 Rxg2+) 26... Bb8 27. Rh2 {[#]} (27. d5 $142 b6 28. Rd1) 27... e3+ $1 {[%mdl 512]} 28. Qxe3 Qxe3+ (28... Qxh2+ $142 29. Nxh2 Rxh2+ 30. Ke1 Rxg3) 29. Kxe3 Rxh2 30. Nxh2 Rxg3+ 31. Kf2 Kf6 32. Nf1 (32. Nf3 $17 {keeps fighting.}) 32... Rh3 33. Bf3 Be8 34. Rc1 Bd6 35. a3 $2 (35. c5 Bc7 36. Rc4) 35... Rh4 36. d5 cxd5 37. cxd5 e5 38. Rc8 Bb5 39. b4 e4 40. Bg2 (40. Be2 {was the only defense.} Bd7 41. Rd8) 40... Ke5 {Black is clearly winning.} 41. Ne3 f4 42. Nc4+ Bxc4 $1 43. Rxc4 f3 {( -> ...Rh2!)} 44. Bxf3 {[#]} e3+ $1 {[%mdl 576] Discovered Attack. Accuracy: White = 30%, Black = 67%.} 0-1

[Event "DMP-III LIGA Senior PK 2020"]
[Site "Bystre"]
[Date "2020.07.11"]
[Round "6.21"]
[White "Palacki, Rafal"]
[Black "Kasperek, Rafal"]
[Result "1/2-1/2"]
[WhiteElo "1755"]
[BlackElo "1982"]
[Annotator "TA"]
[PlyCount "122"]
[EventDate "2020.07.05"]
[EventType "team-tourn"]
[EventCountry "POL"]
[SourceTitle "playchess.com"]
[Source "ChessBase"]
[SourceQuality "1"]

{[%evp 17,122,58,71,10,0,-29,-25,-32,-28,-87,48,-4,31,35,35,32,39,25,39,31,36,6,22,-53,14,-17,2,0,23,25,31,0,42,26,60,32,61,57,84,57,239,202,183,64,223,223,223,223,223,223,218,207,218,214,330,316,358,339,410,419,402,400,370,219,198,186,205,205,205,205,193,195,189,193,183,152,169,164,238,164,221,187,187,182,199,196,187,0,187,187,187,159,158,102,101,78,196,0,97,0,187,187,187,89,95,0,177]} 1. e4 c5 2. Nf3 Nc6 3. Bb5 g6 4. O-O Bg7 5. c3 e5 6. d3 Nge7 7. Be3 d6 8. d4 cxd4 9. cxd4 O-O 10. Nc3 {B31: Sicilian: 2...Nc6 3 Bb5 g6.} (10. d5 $16) 10... Bg4 $11 {Strongly threatening ...exd4.} 11. d5 Nd4 $1 12. Be2 {Black has an edge.} Nxe2+ 13. Nxe2 {[#]} (13. Qxe2 $11 f5 14. Qb5) 13... h6 $146 (13... Bxf3 $17 14. gxf3 Qd7) ({Predecessor:} 13... f5 14. Ng5 f4 15. f3 Nf5 16. exf5 Qxg5 17. fxg4 fxe3 18. Ng3 h5 19. Ne4 Qxg4 20. Qxg4 hxg4 21. fxg6 {1-0 (40) Meng,F (2272)-Wu,H (2194) Vancouver 2005}) 14. Ne1 (14. Nd2 $14) 14... Bxe2 15. Qxe2 f5 16. f3 Qd7 17. Nd3 a6 18. Rfc1 Rac8 19. b4 Rxc1+ 20. Bxc1 (20. Rxc1 $11 Rc8 21. Qd1) 20... g5 (20... fxe4 $15 21. fxe4 Nxd5 $1 {[%mdl 512]} 22. exd5 e4) 21. Be3 Rc8 22. a4 Rc3 23. Bd2 Rc7 24. Qd1 fxe4 25. fxe4 Nc8 26. Be3 Rc4 27. Rc1 $36 {[%mdl 2048] White has some pressure.} Rxe4 28. Qf3 Rxe3 $2 (28... Rh4 $14 29. g3 g4) 29. Qxe3 $18 Ne7 {[#]} 30. Nb2 ({Better is} 30. Nf2 $1 $18) 30... Nxd5 $2 {[#]} (30... b5 $14) 31. Qb3 $1 {[%cal Rb3d5]} Qf7 32. Rd1 Nf4 33. Qxf7+ Kxf7 34. Rxd6 {[%mdl 4096] Endgame KRN-KBN} e4 35. Rd7+ Kg6 (35... Kf8 $142) 36. Nd1 b6 37. Kf1 Be5 38. Ne3 Nd3 39. Ng4 Bf4 40. Re7 (40. Rb7 $142) 40... h5 41. Nf2 {aiming for Nxd3.} Nxb4 42. Rxe4 ({Resist} 42. Nxe4 $6 Nd5 $16) 42... Nd5 43. g3 Bc7 44. Rd4 Nf6 45. Rc4 Nd5 {White must now prevent ...Ne3+.} 46. Ke2 Kf5 47. Nd1 h4 (47... Ke6 $142 48. Ne3 Bd6 49. Nxd5 Kxd5) 48. Kf3 Bd6 (48... Bd8 $142 49. gxh4 gxh4) 49. Nf2 hxg3 50. hxg3 Ke5 51. Re4+ Kf5 52. Rc4 Ke5 $1 53. Nd3+ Kf5 54. Rd4 Ke6 55. Nf2 (55. Re4+ $142 Kf6 56. g4) 55... b5 $16 56. Re4+ Kf5 (56... Kd7 $16 {keeps fighting.}) 57. Rd4 $2 (57. g4+ $18 Kf6 58. axb5 axb5 59. Re1) 57... Ke5 (57... Ke6 $1 $11 {remains equal.}) 58. Re4+ (58. Rg4 $16) 58... Kf5 $18 59. axb5 axb5 60. Rd4 (60. Re1 $18 {and White stays clearly on top.}) 60... Ke5 $16 61. Re4+ (61. Rg4 $16) 61... Kf5 {Accuracy: White = 64%, Black = 55%.} 1/2-1/2

[Event "DMP-III LIGA Senior PK 2020"]
[Site "Bystre"]
[Date "2020.07.11"]
[Round "6.22"]
[White "Mikula, Michal"]
[Black "Zajac, Karol"]
[Result "1-0"]
[WhiteElo "1858"]
[BlackElo "1652"]
[Annotator "NA RC"]
[PlyCount "79"]
[EventDate "2020.07.05"]
[EventType "team-tourn"]
[EventCountry "POL"]
[SourceTitle "playchess.com"]
[Source "ChessBase"]
[SourceQuality "1"]
[TimeControl "5400+30"]

1. e4 c5 2. Nc3 Nc6 3. Bb5 g6 4. Bxc6 dxc6 5. f4 Bg7 6. Nf3 {B23: Closed Sicilian: Lines without g3.} Nf6 7. O-O Qc7 8. d3 Bd7 9. Qe1 {[#]} Rd8 $146 ({Predecessor:} 9... b6 10. Kh1 h5 11. Ng5 Ng4 12. e5 Bf5 13. Nce4 Bxe4 14. dxe4 Nh6 15. a4 a5 {1-0 (82) Pridorozhni,A (2510)-Nogin,V (2218) Ekaterinburg 2008}) 10. e5 Nd5 11. Ne4 Qb6 12. c3 (12. Bd2 $16) 12... Bf5 13. Nh4 c4+ 14. d4 (14. Kh1 $5 {[%cal Rd3c4]}) 14... Bxe4 $1 15. Qxe4 f5 (15... c5 $11) 16. exf6 Bxf6 17. f5 g5 18. Nf3 h6 19. Ne5 Bxe5 20. Qxe5 Nf6 21. Re1 O-O 22. h4 Rd5 23. Qe6+ Kg7 24. hxg5 hxg5 25. Bxg5 Rf7 26. Re3 Qxb2 (26... Qc7 $18 27. Rf1 Qd6 28. Bh6+ Kg8) 27. Bxf6+ exf6 28. Rg3+ Kf8 29. Qc8+ Ke7 30. Re1+ Re5 31. dxe5 Qd2 32. exf6+ Kd6 33. Rge3 Kc5 34. Qe6 Rd7 35. f7 Rd5 36. f8=Q+ Kb6 37. Qb4+ Rb5 38. Qbxc4 Rb2 39. Qd4+ Qxd4 40. cxd4 1-0

[Event "DMP-III LIGA Senior PK 2020"]
[Site "Bystre"]
[Date "2020.07.11"]
[Round "6.23"]
[White "Materniak, Aleksander"]
[Black "Sygulski, Piotr"]
[Result "1/2-1/2"]
[WhiteElo "1660"]
[BlackElo "1652"]
[Annotator "NA RC"]
[PlyCount "94"]
[EventDate "2020.07.05"]
[EventType "team-tourn"]
[EventCountry "POL"]
[SourceTitle "playchess.com"]
[Source "ChessBase"]
[SourceQuality "1"]
[TimeControl "5400+30"]

1. e4 {[%emt 0:00:00]} e5 {[%emt 0:00:00]} 2. Nf3 {[%emt 0:00:00]} Nc6 {[%emt 0:00:00]} 3. Bb5 {[%emt 0:00:00]} a6 {[%emt 0:00:00]} 4. Ba4 {[%emt 0:00:00]} Nf6 {[%emt 0:00:00]} 5. O-O {[%emt 0:00:19]} b5 {[%emt 0:00:07]} 6. Bb3 {[%emt 0:00:04]} Be7 {[%emt 0:00:08]} 7. Re1 {[%emt 0:00:30]} O-O {[%emt 0:00:16]} 8. c3 {[%emt 0:00:18]} d6 {[%emt 0:01:00]} 9. h3 {[%emt 0:00:16]} Na5 {[%emt 0:04:15]} 10. Bc2 {[%emt 0:00:07]} c5 {[%emt 0:02:04]} 11. d4 {[%emt 0:00:13]} Qc7 {[%emt 0:01:49]} 12. Nbd2 {[%emt 0:00:39]} cxd4 {[%emt 0:01:36]} 13. cxd4 {[%emt 0:00:25]} Bb7 {[%emt 0:00:31]} 14. Nf1 {[%emt 0:04:13]} Rac8 {[%emt 0:00:30]} 15. Bd3 {[%emt 0:03:08]} Nd7 {[%emt 0:03:07]} 16. Be3 {[%emt 0:04:55]} Nc4 {[%emt 0:02:00]} 17. Rc1 {[%emt 0:08:45]} Qa5 {[%emt 0:01:34]} 18. Qb3 {[%emt 0:00:43]} Nxe3 {[%emt 0:01:56]} 19. fxe3 {[%emt 0:01:06]} exd4 {[%emt 0:03:02]} 20. exd4 {[%emt 0:00:44]} Qb6 {[%emt 0:00:44]} 21. Kh1 {[%emt 0:09:49]} Rfe8 {[%emt 0:03:10]} 22. Ng3 {[%emt 0:03:24]} Rxc1 {[%emt 0:02:30]} 23. Rxc1 {[%emt 0:00:13]} Bf6 {[%emt 0:00:22]} 24. Rd1 {[%emt 0:13:14]} g6 {[%emt 0:04:20]} 25. Bb1 {[%emt 0:02:08]} Nf8 {[%emt 0:01:22]} 26. Rf1 {[%emt 0:02:17]} Ne6 {[%emt 0:01:49]} 27. a4 {[%emt 0:11:23]} Bxd4 {[%emt 0:04:33]} 28. Nxd4 {[%emt 0:01:46]} Qxd4 {[%emt 0:00:02]} 29. axb5 {[%emt 0:01:59]} Qb6 {[%emt 0:02:21]} 30. Qf3 {[%emt 0:02:23]} Rf8 {[%emt 0:01:24]} 31. Ba2 {[%emt 0:01:40]} Bc8 {[%emt 0:01:18]} 32. bxa6 {[%emt 0:01:53]} Qxa6 {[%emt 0:01:24]} 33. Bd5 {[%emt 0:01:19]} Nd8 {[%emt 0:05:11]} 34. Qf6 {[%emt 0:09:14]} Qa5 {[%emt 0:12:52]} 35. h4 {[%emt 0:08:17]} Qd2 {[%emt 0:02:05]} 36. Qxd6 {[%emt 0:00:37]} Qxb2 {[%emt 0:01:12]} 37. e5 {[%emt 0:03:19]} Be6 {[%emt 0:02:11]} 38. Bxe6 {[%emt 0:01:48]} Nxe6 {[%emt 0:00:01]} 39. Ne4 {[%emt 0:00:42]} Qe2 {[%emt 0:01:43]} 40. Nf6+ {[%emt 0:01:01]} Kg7 {[%emt 0:00:25]} 41. Kg1 {[%emt 0:00:30]} Qe3+ {[%emt 0:00:42]} 42. Kh2 {[%emt 0:01:31]} Rd8 {[%emt 0:01:06]} 43. Qe7 {[%emt 0:01:20]} Qxe5+ {[%emt 0:01:01]} 44. Kh1 {[%emt 0:00:17]} Rf8 {[%emt 0:02:21]} 45. Nd7 {[%emt 0:00:17]} Qc7 {[%emt 0:03:08]} 46. Qf6+ {[%emt 0:00:36]} Kg8 {[%emt 0:00:04]} 47. Nxf8 {[%emt 0:00:40]} Nxf8 {[%emt 0:00:01]} 1/2-1/2

[Event "DMP-III LIGA Senior PK 2020"]
[Site "Bystre"]
[Date "2020.07.11"]
[Round "6.24"]
[White "Zgoda, Aleksandra"]
[Black "Tarsa, Joanna"]
[Result "1-0"]
[WhiteElo "1203"]
[BlackElo "1574"]
[Annotator "NA RC"]
[PlyCount "75"]
[EventDate "2020.07.05"]
[EventType "team-tourn"]
[EventCountry "POL"]
[SourceTitle "playchess.com"]
[Source "ChessBase"]
[SourceQuality "1"]
[TimeControl "5400+30"]

1. e4 {[%emt 0:00:00]} c5 {[%emt 0:00:00]} 2. Nf3 {[%emt 0:00:00]} Nc6 {[%emt 0:00:00]} 3. d4 {[%emt 0:00:00]} cxd4 {[%emt 0:00:00]} 4. Nxd4 {[%emt 0:00:11]} e5 {[%emt 0:00:00]} 5. Nf3 {[%emt 0:00:50]} d6 {[%emt 0:01:11]} 6. Nc3 {[%emt 0:01:55]} Nf6 {[%emt 0:00:27]} 7. Bg5 {[%emt 0:00:53]} Be7 {[%emt 0:00:21]} 8. Bc4 {[%emt 0:02:01]} O-O {[%emt 0:00:41]} 9. O-O {[%emt 0:01:13]} a6 {[%emt 0:01:24]} 10. a4 {[%emt 0:02:49]} Qc7 {[%emt 0:08:57]} 11. Qd2 {[%emt 0:09:02]} Nb4 {[%emt 0:11:00]} 12. Bb3 {[%emt 0:05:33]} Rd8 {[%emt 0:03:16]} 13. Rad1 {[%emt 0:12:56]} Bg4 {[%emt 0:05:48]} 14. Qe3 {[%emt 0:09:07]} Nh5 {[%emt 0:18:58]} 15. Bxe7 {[%emt 0:08:08]} Qxe7 {[%emt 0:00:36]} 16. h3 {[%emt 0:01:41]} Bxf3 {[%emt 0:00:42]} 17. Qxf3 {[%emt 0:00:27]} Nf4 {[%emt 0:00:36]} 18. Ne2 {[%emt 0:02:36]} Nxe2+ {[%emt 0:02:30]} 19. Qxe2 {[%emt 0:01:33]} Rac8 {[%emt 0:02:38]} 20. c3 {[%emt 0:01:54]} Nc6 {[%emt 0:01:14]} 21. Rd3 {[%emt 0:01:12]} Rc7 {[%emt 0:11:09]} 22. Rg3 {[%emt 0:03:22]} Qf6 {[%emt 0:09:06]} 23. Rd1 {[%emt 0:02:36]} Qh6 {[%emt 0:03:53]} 24. Rdd3 {[%emt 0:03:09]} Ne7 {[%emt 0:01:13]} 25. Rg4 {[%emt 0:02:22]} g6 {[%emt 0:03:48]} 26. Rdg3 {[%emt 0:08:40]} Kf8 {[%emt 0:07:23]} 27. Rf3 {[%emt 0:03:35]} f5 {[%emt 0:01:49]} 28. exf5 {[%emt 0:03:49]} Nxf5 {[%emt 0:00:08]} 29. Rc4 {[%emt 0:02:01]} Rdd7 {[%emt 0:03:35]} 30. g4 {[%emt 0:02:37]} Qg5 {[%emt 0:00:14]} 31. Kh2 {[%emt 0:00:24]} Rxc4 {[%emt 0:01:36]} 32. Qxc4 {[%emt 0:02:57]} d5 {[%emt 0:00:08]} 33. Qc5+ {[%emt 0:00:31]} Ke8 {[%emt 0:00:13]} 34. gxf5 {[%emt 0:00:57]} gxf5 {[%emt 0:00:05]} 35. Rg3 {[%emt 0:01:27]} Qf4 {[%emt 0:00:04]} 36. Bxd5 {[%emt 0:00:39]} h5 {[%emt 0:01:02]} 37. Kg2 {[%emt 0:01:07]} Rxd5 {[%emt 0:02:11]} 38. Qxd5 {[%emt 0:00:35]} 1-0

[Event "DMP-III LIGA Senior PK 2020"]
[Site "Bystre"]
[Date "2020.07.11"]
[Round "6.25"]
[White "Piekarski, Lukasz"]
[Black "Kopczyk, Daniel"]
[Result "0-1"]
[WhiteElo "1901"]
[BlackElo "2137"]
[Annotator "TA"]
[PlyCount "67"]
[EventDate "2020.07.05"]
[EventType "team-tourn"]
[EventCountry "POL"]
[SourceTitle "playchess.com"]
[Source "ChessBase"]
[SourceQuality "1"]

{[%evp 19,67,0,18,0,9,0,0,0,0,0,0,0,0,0,0,0,0,2,10,0,0,0,0,0,0,0,52,0,0,-16,-13,-3,-12,-20,0,-8,0,-366,-382,-442,-448,-451,-451,-423,-386,-820,-226,-740,-214,-851]} 1. e4 c5 2. c4 Nc6 3. Nc3 g6 4. g3 Bg7 5. Bg2 d6 6. Nge2 e6 7. O-O Nge7 8. d3 O-O 9. a3 Rb8 10. Rb1 b6 $1 {10...b6 scores better than 10...a6.} 11. Bg5 {A36: Symmetrical English vs ...g6: 4 Bg2 Bg7.} h6 12. Be3 Nd4 13. Bxd4 {The position is equal.} cxd4 14. Nb5 $1 {[%csl LRa7,LRd4][%mdl 64] [#] Double Attack} Nc6 15. e5 $1 {[#]} Nxe5 $146 ({Predecessor:} 15... a6 16. Nbxd4 Nxd4 17. Nxd4 Bb7 18. Nc6 Bxc6 19. Bxc6 dxe5 20. Qe2 Qd4 21. Rfd1 Rfd8 {0-1 (60) Capozzoli,S (1944)-Rosato,L (2267) Napoli 2009}) 16. Nxa7 Bb7 17. Nxd4 d5 18. b3 Qd7 {aiming for ...dxc4.} 19. Nab5 Rfd8 20. Qe2 dxc4 21. dxc4 Bxg2 22. Kxg2 Qb7+ (22... Nxc4 $11 23. Nxe6 Nxa3 24. Nxa3 (24. Nxd8 Nxb5 25. Nxf7 Nc3 $15) 24... Re8 {[%mdl 64] Pin}) 23. f3 (23. Kg1 $1 $14) 23... Rd7 $11 24. Rbd1 Rbd8 25. Nc2 Nd3 26. Ne3 Qc6 27. Nc2 Qc5 {White must now prevent ...Qg5.} 28. Qe3 $2 {[%mdl 8192] [#]} (28. Ne3 $11) 28... Nf4+ $1 $19 {[%mdl 576] Discovered Attack} 29. gxf4 (29. Qxf4 Rxd1) 29... Rxd1 30. Rxd1 Rxd1 31. Qxc5 bxc5 32. Nb4 $2 (32. Ne3 Rd3 33. Ng4) 32... g5 $2 (32... cxb4 33. axb4 Rd3) 33. h3 $2 (33. Na6) 33... h5 $2 (33... cxb4 34. axb4 gxf4) 34. Kh2 $2 {Accuracy: White = 63%, Black = 76%.} (34. Na6) 0-1

[Event "DMP-III LIGA Senior PK 2020"]
[Site "Bystre"]
[Date "2020.07.11"]
[Round "6.26"]
[White "Mrozowski, Patryk"]
[Black "Pasionek, Ariel"]
[Result "1-0"]
[WhiteElo "2065"]
[BlackElo "1914"]
[Annotator "TA"]
[PlyCount "91"]
[EventDate "2020.07.05"]
[EventType "team-tourn"]
[EventCountry "POL"]
[SourceTitle "playchess.com"]
[Source "ChessBase"]
[SourceQuality "1"]

{[%evp 13,91,37,61,59,72,67,77,71,68,72,104,107,106,93,118,97,120,126,138,113,129,69,81,39,42,39,54,20,51,31,33,0,25,7,31,0,27,17,82,80,86,0,73,13,37,13,61,57,88,0,0,-34,-42,-45,10,-39,-37,-55,-55,-55,-55,-54,-54,-69,-54,-54,-48,-60,-66,-67,0,0,412,416,416,416,416,402,366,338]} 1. Nf3 Nf6 2. c4 g6 3. d4 Bg7 4. Nc3 O-O 5. e4 d6 6. Be2 Bg4 7. O-O Nbd7 8. Bg5 {E91: King's Indian: Classical: 6 Be2, unusual replies including 6...c5 and 6...Bg4.} Bxf3 9. Bxf3 c6 10. Re1 {White is better.} e5 11. d5 c5 12. Qd2 a6 13. a3 Qc7 14. Be2 {[#]} Rae8 $146 ({Predecessor:} 14... b6 15. g3 Ra7 16. Kg2 Kh8 17. h4 Ng8 18. h5 Rc8 19. Rh1 Ngf6 20. Rh4 Re8 21. hxg6 fxg6 {1-0 (44) Novak,A (1696)-Tavcar,V (1827) ICCF email 2007}) 15. Rab1 h5 16. Rf1 Nh7 {[#]} 17. Bh6 (17. Be3 $1 $16) 17... Qd8 18. Bxg7 Kxg7 19. b4 Qc7 20. Na4 b6 21. Rb3 Nhf6 22. Bd3 Rb8 23. Qe2 Rb7 24. g3 Rfb8 {Threatening ...b5.} 25. Nc3 Rc8 {[#]} (25... h4 $11 {remains equal.}) 26. b5 $1 $16 a5 27. f4 ({Better is} 27. h4 $16) 27... Rf8 (27... h4 $1 $11) 28. Qf3 ({White should try} 28. f5 $16) 28... Qd8 $11 29. Rb2 Nh7 30. Rbf2 h4 31. Qg4 (31. Nd1 $16) 31... hxg3 32. Qxg3 exf4 $1 33. Rxf4 Ne5 (33... Qg5 $15) 34. Be2 (34. h4 {keeps more tension.} Kg8 35. Be2 f6 36. R4f2 Rg7 37. Rg2) 34... Qg5 35. Nd1 Qxg3+ 36. hxg3 Ng5 37. Kg2 Re7 38. Nf2 Nh7 39. Rh1 Rh8 40. Nh3 Nf6 41. Rhf1 Nh5 (41... Ned7 $15 42. Nf2 Ree8) 42. R4f2 {Threatens to win with g4.} Rf8 $2 {[%mdl 8192]} (42... Kf8 $11) 43. g4 $18 {White is winning.} Nxg4 44. Bxg4 Rxe4 45. Bxh5 gxh5 {[#]} 46. Rxf7+ $3 {[%mdl 512] Accuracy: White = 68%, Black = 62%.} 1-0